Co to za państwo? (dziwne podpowiedzi) #1 - Statystyki

Ogólne statystyki
  • Ten quiz został rozwiązany 1 189 razy
  • Średni wynik to 10 z 15
Statystyki odpowiedzi
Jeden kraj graniczący Wielkie miasto Ostatnia litera Państwo śródlądowe Jeden kolor z flagi Państwo % Poprawnych
Szwajcaria Mediolan Y Nie Czerwony Włochy
97%
Czechy Olsztyn A Nie Czerwony Polska
86%
Kazachstan Shanghaj Y Nie Żółty Chiny
85%
Brazylia Asuncion J Tak Biały Paragwaj
83%
Chiny Kolkata E Nie Biały Indie
79%
Ukraina Koszyce A Tak Niebieski Słowacja
79%
Libia Kair T Nie Biały Egipt
77%
Chile Santa Cruz de la Sierra A Tak Żółty Boliwia
67%
Chorwacja Koper A Nie Niebieski Słowenia
67%
Meksyk Tampa E Nie Niebieski Stany Zjednoczone
51%
Rosja Gandża N Nie Zielony Azerbejdżan
48%
Indonezja Lae A Nie Biały Papua-Nowa Gwinea
48%
Zambia Huambo A Nie Czarny Angola
41%
Brak Quezon City Y Nie Czerwony Filipiny
31%
Kamerun Bangi A Tak Zielony Republika Środkowoafrykańska
31%
Nie znaleziono quizów pasujących do podanych kryteriów
Rozkład punktacji
Procent ludzi z każdym wynikiem
Percentyl według liczby udzielonych odpowiedzi
Twoja historia wyników
Nie rozwiązałeś tego quizu